Σύγκριση τεχνικών και περιβαλλοντικών στοιχείων προτεινόμενης χάραξης μεγάλου γραμμικού έργου υποδομής : εφαρμογή σε τμήμα της Εγνατίας Οδού : διπλωματική εργασία
Αποθηκεύτηκε σε:
| Κύριος συγγραφέας: | |
|---|---|
| Συγγραφή απο Οργανισμό/Αρχή: | |
| Άλλοι συγγραφείς: | |
| Μορφή: | Thesis Βιβλίο |
| Γλώσσα: | Greek |
| Δημοσίευση: |
2007
|
| Θέματα: | |
| Διαθέσιμο Online: | http://hdl.handle.net/11610/8577 |
| Ετικέτες: |
Προσθήκη ετικέτας
Δεν υπάρχουν, Καταχωρήστε ετικέτα πρώτοι!
|
MARC
| LEADER | 00000cam a2200000 i 4500 | ||
|---|---|---|---|
| 001 | 1/65109 | ||
| 008 | 071129s2007 gre d | ||
| 035 | |l 10092657 | ||
| 040 | |a GR-MY-UA |b gre |e aacr | ||
| 041 | 0 | |a gre | |
| 082 | 0 | |a 363.731 |2 (22) | |
| 100 | 1 | |a Αθανασιάδου, Ελπίδα. | |
| 245 | 1 | 0 | |a Σύγκριση τεχνικών και περιβαλλοντικών στοιχείων προτεινόμενης χάραξης μεγάλου γραμμικού έργου υποδομής : |b εφαρμογή σε τμήμα της Εγνατίας Οδού : διπλωματική εργασία / |c Αθανασιάδου Ελπίδα ; υπεύθυνος καθηγήτης: Ζαφειριάδης Κωνσταντίνος |
| 260 | |c 2007 | ||
| 300 | |a 110 σ.; |b διαγρ., εικ., σχ., πιν.; |c 30 εκ. | ||
| 502 | # | # | |a Πτυχιακή εργασία – Πανεπιστήμιο Αιγαίου, Χίος, 2007. |
| 504 | |a Περιλαμβάνει βιβλιογραφία | ||
| 610 | 2 | 0 | |a Πανεπιστήμιο Αιγαίου. |
| 650 | 0 | 0 | |a Roads |x Environmental aspects. |
| 650 | 0 | 0 | |a Roads |x Design and construction. |
| 650 | 0 | 0 | |a Urban transportation |x Environmental aspects. |
| 650 | 0 | 0 | |a Roads. |
| 650 | 0 | 0 | |a Ecology. |
| 650 | 0 | 0 | |a Automobiles |x Motors |x Environmental aspects. |
| 650 | 0 | 0 | |a Dissertations, Academic |z Greece. |
| 700 | 1 | |a Ζαφειριάδης, Κωνσταντίνος. |4 ths | |
| 710 | 1 | |a Πανεπιστήμιο Αιγαίου Τμήμα Μηχανικών Οικονομίας και Διοίκησης - Τ.Μ.Ο.Δ. |b Σχολή Επιστημών της Διοίκησης. | |
| 852 | |a INST |b CHIOS |c DIATR |e 20071129 |h 363.731 ΑΘΑ |p 005200028535 |q 005200028535 |t DIE |y 23 | ||
| 852 | |a INST |b CHIOS |c DIATR |e 20071129 |h 363.731 ΑΘΑ |p 005200028536 |q 005200028536 |t DIE |y 23 | ||
| 856 | |u http://hdl.handle.net/11610/8577 | ||
| 901 | |a BIBL2-2007-3 | ||
| 909 | |a Χ |b 131486 | ||
| 909 | |a Χ |b 131487 | ||
| 924 | |a ΑΘΑΝΑΣΙΑΔΟΥ |b ΕΛΠΙΔΑ |y ΧΙΟΣ |z 2007-11 | ||
| 970 | |a ΑΤΣΑΛΗ |b ΔΕΣΠΟΙΝΑ |z 2007/11/29 | ||